000 00517nam a2200193Ia 4500
005 20250508155729.0
008 008 250505s9999 xx 000 0 eng d
037 _aTextual
040 _aFEDL
_beng
_cFEDL
041 _aeng
_2eng
084 _a133.5, SEP
_qFEDL
100 _aSepharial
_9518118
245 0 _aManual of astrology
260 _aLondon, UK
_bW. Foulsham and Co. Ltd.
_c1962
300 _aviii,228p
650 _aPhilosophy
942 _cTEXL
_h133.5, SEP
999 _c1358987
_d1358987